| 000 | 00694nam a22002057a 4500 | ||
|---|---|---|---|
| 005 | 20081020165115.0 | ||
| 008 | 081020t xxu||||| |||| 00| 0 eng d | ||
| 010 | _aENG-84512 | ||
| 020 | _a8175345756 | ||
| 020 | _c195.00 (pbk) | ||
| 035 | _aEN-68045 | ||
| 082 | _a346.015026 / KUS | ||
| 100 | _aKusum | ||
| 245 |
_aCases and materials on family law / _cby Kusum |
||
| 260 |
_aNew Delhi _bUniversal Law Publishing |
||
| 260 | _c2007 | ||
| 300 |
_axxxix,304p _c22cm |
||
| 942 |
_2ddc _cEN _h346.015026 _m KUS |
||
| 999 |
_c17818 _d17818 |
||